000 01143nam a2200289Ia 4500
003 OSt
005 20250411113513.0
008 191128s2010 sp er 000 f spa d
020 _a9788497593359
040 _aCO-JMCR
_cCO-JMCR
041 _aspa
082 0 4 _aA-N
_bC673e
100 1 _aCoetzee, John Maxwell,
_d1940,
_eautor
_99919
245 0 _aEsperando a los bárbaros /
_bJ. M. Coetzee ; traducción Concha Manella, Luis Martínez Victorio
250 _aPrimera edición
260 _aEspaña :
_bDebolsillo,
_c2010.
300 _a223 páginas ;
_c19 cm.
490 0 _aContemporánea ; 342
500 _aPremio Nobel de Literatura.
520 _aUn día el imperio decidió que los bárbaros eran una amenaza a su integridad. Primero llegaron al pueblo fronterizo policías, que detuvieron sobre todo a quienes no eran básrbaros pero sí diferentes. Torturaron y asesinaron.
534 _pWaiting for the Barbarians
546 _atraducido del Inglés
650 0 4 _aNovela sudafricana
_99920
700 _aManella, Concha,
_etraductora
_99921
700 _a Martínez Victorio, Luis,
_etraductor
_99922
942 _2ddc
_cBK
999 _c4044
_d4044